Los maestros de antaño

Gardado en:
Detalles Bibliográficos
Autor Principal: Fromentin, Eugenio (Author)
Formato: Libro
Idioma:Lingua castelá
Publicado: Buenos Aires El Ateneo 1942
Edición:1a. ed
Subjects:
Tags: Engadir etiqueta
Sen Etiquetas, Sexa o primeiro en etiquetar este rexistro!

MARC

LEADER 00000cam a2200000 a 4500
001 UCE2800
003 CL-VaPUC
008 140724e19420000ag |||||||||||||||||spa|d
082 0 4 |a 759.94  |b FRO  |2 21 
100 0 |a Fromentin, Eugenio  |e author  |9 575359 
245 1 4 |a Los maestros de antaño 
250 |a 1a. ed 
300 |a 300 p 
942 |c BK 
945 |d 20140724 10:48:00  |a dcastane 
260 |a Buenos Aires  |b El Ateneo  |c 1942 
650 7 |a PINTORES HOLANDESES  |2 CL-VaPUC  |9 575360 
650 7 |a PINTORES BELGAS  |2 CL-VaPUC  |9 344604 
650 7 |a PINTURA BELGA  |2 CL-VaPUC  |9 344603 
650 0 |a Pintura holandesa  |9 267860 
583 |a last modification  |c 20140724 10:48:00  |k Rodrigo Vera 
999 |c 356361  |d 356359 
952 |0 0  |1 0  |3 erd  |4 0  |6 759_940000000000000_FRO_1942  |7 0  |8 R  |9 463638  |a BIBART  |b BIBART  |i 5048796  |o 759.94 FRO 1942  |p 5048796  |r 2025-03-13  |w 2019-11-23  |y BK_R  |z Catalogado en:20140724  |k ART